000 00260nam a22000977a 4500
999 _c11255
_d11255
008 181204b ||||| |||| 00| 0 eng d
020 _a9789350293478
100 _aAbdul Kalam
_97003
245 _aTurning Points
260 _aIndia
_bHarper Collins Publications
_c2012